La situación ocupacional de los jóvenes costarricenses

Gorde:
Xehetasun bibliografikoak
Egile nagusia: Sandoval Carvajal, Irma
Formatua: Texto
Argitaratua: Heredia : IDESPO. UNA,
Etiketak: Etiketa erantsi
Etiketarik gabe, Izan zaitez lehena erregistro honi etiketa jartzen!

MARC

LEADER 00000 a a2200000 04500
001 14066
003
040
020 |a [sin ISBN]  
090 |a 1002 S218s  
100 |a Sandoval Carvajal, Irma  
245 |a La situación ocupacional de los jóvenes costarricenses  
260 |a Heredia :   |b IDESPO. UNA,  
300 |a 25 p  
999 |c 11023  |d 11023